000 00415nam a22001217a 4500
040 _cRUA
082 _aDVM DAV 2025 B707 Or.1
100 _aDAVY SOKBORMEY, ដាវី សុខ​​​​​បរមី
245 _aCase of tick fever disease in canine at animal clinic in sangkat boeng tumpun, khan mean chey , phnom penh
260 _aPHNOM PENH
_bRUA
_c2025
300 _axii,56p.
_bill.
_c29cm.
942 _cNRM
999 _c25696
_d25696